000 00468nab a2200145Ia 4500
003 ES-SlBCS
005 20210601125640.0
008 140529s1993 xxu||||| |||| 00| 0 eng d
041 _aeng
100 1 _aNielsen, Kai
_950638
245 0 0 _aSkeptical Remarks on the Scope of Philosophy: Rorty v. Habermas
_c Kai Nielsen
600 1 _aRorty, Richard-Habermas, Jürgen
_9161904
773 0 _tSocial Theory and Practice
_gvol. 19, 1993, págs. 117-160
_wRev846
942 _cAR
999 _c533779
_d533779